| 000 | 00600nam a2200217 a 4500 | ||
|---|---|---|---|
| 005 | 20210219152915.0 | ||
| 008 | 991125n 000 0 eng u | ||
| 035 | _aUPN01000066649 | ||
| 100 | 1 | _aRandall, Mike | |
| 222 | 0 | _aBRITISH JOURNAL OF SPECIAL EDUCATION | |
| 245 | 0 | 0 | _aCan section 19 be used positively? |
| 260 | _aReino Unido | ||
| 300 | _a44-47 | ||
| 362 | 0 | _a1991 Vol. 18, no. 2, jun. | |
| 653 | 0 | _aDEFICIENCIAS ESCOLARES | |
| 653 | 0 | _aDERECHOS DEL ESTUDIANTE | |
| 653 | 0 | _aLEGISLACION EDUCATIVA | |
| 653 | 0 | _aPRACTICAS EDUCATIVAS | |
| 904 |
_aAC _b004460 |
||
| 905 | _aArticulo | ||
| 999 |
_c63602 _d63602 |
||